| 000 | 00507nam a2200169Ia 4500 | ||
|---|---|---|---|
| 999 |
_c24522 _d24522 |
||
| 003 | OSt | ||
| 005 | 20231215101658.0 | ||
| 008 | 190216s9999||||xx |||||||||||||| ||und|| | ||
| 040 | _coclc | ||
| 082 |
_a894.812 _bAZH/A |
||
| 100 | 0 |
_aAzheekode, Sukumar _d1926-2012 _91868 |
|
| 245 | 0 |
_aAsante Seethakavyam / _cSukumar Azhikode |
|
| 260 |
_bOlive Publications, _c2012. _aKottayam: |
||
| 300 | _a157p | ||
| 650 | _aSahithyaniroopanam | ||
| 942 |
_cBK _2ddc _h894.812 _iAZH/A _k894.812 _mAZH/A |
||